| 000 | 01031cab a2200265 4500 | ||
|---|---|---|---|
| 001 | ABS49257 | ||
| 008 | 090401t1993 xxu||||| |||| 00| 0 eng d | ||
| 035 | _a(Sirsi) u70561 | ||
| 041 | _aeng | ||
| 245 | _aRegeneration | ||
| 260 | _c1993 | ||
| 350 | _a0 | ||
| 490 |
_aEstates Gazette _v(9332) 14 August 1993, 45-63(11) |
||
| 520 | _aSpecial feature on urban regeneration including articles on the role of property development over the last ten years, the role of the creation of the new universities from the former polytechnics which tended to be in more urban areas, the grants system which faces applicants for state funding of regeneration projects and the importance of arts, media and sports facilities in the economic revival of the inner cities. | ||
| 650 | _aGRANTS | ||
| 650 | _aINNER CITIES | ||
| 650 | _aLINCOLN | ||
| 650 | _aPUBLIC FUNDING | ||
| 650 | _aSPORTS STADIA | ||
| 650 | _aSUNDERLAND | ||
| 650 | _aURBAN REGENERATION GRANT | ||
| 690 | _aURBAN RENEWAL | ||
| 942 | _n0 | ||
| 948 | _c04/03/1997 | ||
| 999 |
_c44392 _d44392 |
||